Co je nového na poli mezinárodních účetních standardů pro pojistné smlouvy?

Oceňovanie záväzkov. Správanie sa poisťovateľov. Účtovanie zriaďovacích nákladov. Prevody kmeňov. Voľba jednotky oceňovania. Zaistenie. Oceňovanie zmlúv obsahujúce poistnú aj vkladovú zložku. Podiely na zisku. Dopady na poistný trh.

Na minha lista:
Detalhes bibliográficos
Autor principal: Lozsi, Imrich
Formato: Capítulo de Livro
Idioma:tcheco
Assuntos:
Tags: Adicionar Tag
Sem tags, seja o primeiro a adicionar uma tag!

MARC

LEADER 00000naa$a2200000$$$4500
001 0059868
005 20230927103128.9
041 0 |a cze 
044 |a CZ 
245 1 0 |a Co je nového na poli mezinárodních účetních standardů pro pojistné smlouvy?  |c Imrich Lozsi 
520 |a Oceňovanie záväzkov. Správanie sa poisťovateľov. Účtovanie zriaďovacích nákladov. Prevody kmeňov. Voľba jednotky oceňovania. Zaistenie. Oceňovanie zmlúv obsahujúce poistnú aj vkladovú zložku. Podiely na zisku. Dopady na poistný trh. 
610 2 0 |a štandardy účtovné medzinárodné 
610 2 0 |a oceňovanie 
610 2 0 |a poisťovne 
610 2 0 |a trh poistný 
610 2 0 |a zisk 
610 2 0 |a náklady 
100 1 |a Lozsi, Imrich